000 00831nam a22002657a 4500
001 03637
003 HDC
007 cr bn ---aaaaa
008 210111t2001 flu||||| |||| 00| 0 eng
020 _a1-56670-487-1
040 _aHDC
245 0 _aAgricultural Safety. Chapter 4 :
_bFire Safety
260 _a Boca Raton, Florida:
_bCRC Press,
_c2001
300 _a6 pages
336 _atext
_2rdacontent
337 _acomputer
_2rdamedia
338 _aonline resource
_2rdacarrier
650 _aAgricultural Safety
_93206
650 _aFire prevention
_93300
650 _aFire Safety
_93299
856 _zRequest full-text at [email protected]
942 _2lcc
942 _cCHAP
942 _kEBCH 001640
999 _c973
_d973